| 000 | 00540nam a2200181Ia 4500 | ||
|---|---|---|---|
| 999 |
_c21388 _d21388 |
||
| 003 | OSt | ||
| 005 | 20200629143624.0 | ||
| 008 | 190216s9999||||xx |||||||||||||| ||und|| | ||
| 020 | _a8121504435 | ||
| 040 | _coclc | ||
| 082 |
_a934 _bCHA/T |
||
| 100 |
_aChakrabarti, Dilip K _92535 |
||
| 245 | 0 |
_aTheoretical Issues In Indian Archaelogy / _cDilip K Chakrabarti |
|
| 260 |
_bMunshiram Manoharlal Pub Pvt Ltd, _c2006. _aNew Delhi: |
||
| 300 | _a145p | ||
| 650 | _aHistory | ||
| 942 |
_cBK _2ddc _h934 _iCHA/T _k934 _mCHA/T |
||